Noms des pays en anglais - Statistiques

Statistiques générales
  • Ce quiz a été pris 46 fois
    26 depuis la dernière actualisation
  • Le résultat moyen est 98 sur 196
Statistiques - réponses
Hint Réponse % Correct
Algérie Algeria
96%
Angola Angola
96%
Bénin Benin
91%
Burundi Burundi
91%
Botswana Botswana
87%
Burkina Faso Burkina
87%
France France
78%
Congo Congo
74%
Estonie Estonia
74%
Finlande Finland
74%
Georgie Georgia
74%
Italie Italy
74%
Andorre Andorra
70%
Egypte Egypt
70%
Gabon Gabon
70%
Allemagne Germany
70%
Ghana Ghana
70%
Grèce Greece
70%
Kenya Kenya
70%
Kosovo Kosovo
70%
Lesotho Lesotho
70%
Madagascar Madagascar
70%
Malawi Malawi
70%
Mali Mali
70%
Malte Malta
70%
Monaco Monaco
70%
Albanie Albania
65%
Arménie Armenia
65%
Autriche Austria
65%
Bulgarie Bulgaria
65%
Croatie Croatia
65%
Djibouti Djibouti
65%
Guinée Guinea
65%
Liberia Liberia
65%
Libye Libya
65%
Namibie Namibia
65%
Niger Niger
65%
Nigeria Nigeria
65%
Rwanda Rwanda
65%
Sénégal Senegal
65%
Serbie Serbia
65%
Seychelles Seychelles
65%
Somalie Somalia
65%
Espagne Spain
65%
Zambie Zambia
65%
Zimbabwe Zimbabwe
65%
Belgique Belgium
61%
Canada Canada
61%
Ethiopie Ethiopia
61%
Gambie Gambia
61%
Irlande Ireland
61%
Mauritanie Mauritania
61%
Monténégro Montenegro
61%
Maroc Morocco
61%
Mozambique Mozambique
61%
Roumanie Romania
61%
Russie Russia
61%
Slovénie Slovenia
61%
Afrique du Sud South Africa
61%
Tanzanie Tanzania
61%
Tunisie Tunisia
61%
Royaume-Uni United Kingdom
61%
Bahamas Bahamas
57%
Tchad Chad
57%
Costa Rica Costa Rica
57%
Guinée-Bissau Guinea-Bissau
57%
Guyana Guyana
57%
Islande Iceland
57%
Luxembourg Luxembourg
57%
Macédoine Macedonia
57%
Panama Panama
57%
Paraguay Paraguay
57%
Portugal Portugal
57%
Sierra Leone Sierra Leone
57%
Suède Sweden
57%
Togo Togo
57%
Ukraine Ukraine
57%
Uruguay Uruguay
57%
Argentine Argentina
52%
Bangladesh Bangladesh
52%
Bolivie Bolivia
52%
Chine China
52%
Colombie Colombia
52%
Cuba Cuba
52%
Guatemala Guatemala
52%
Haiti Haiti
52%
Honduras Honduras
52%
Hongrie Hungary
52%
Côte d’Ivoire Ivory Coast
52%
Japon Japan
52%
Liechtenstein Liechtenstein
52%
Mexique Mexico
52%
Nicaragua Nicaragua
52%
Norvège Norway
52%
Perou Peru
52%
Suriname Suriname
52%
Etats-Unis United States
52%
Venezuela Venezuela
52%
Afghanistan Afghanistan
48%
Antigua-et-barbuda Antigua and barbuda
48%
Biélorussie Belarus
48%
Belize Belize
48%
Chili Chile
48%
Chypre Cyprus
48%
Danemark Denmark
48%
Dominique Dominica
48%
Guinée équatoriale Equatorial Guinea
48%
Inde India
48%
Indonésie Indonesia
48%
Iran Iran
48%
Jamaique Jamaica
48%
Laos Laos
48%
Lettonie Latvia
48%
Pays-Bas Netherlands
48%
Corée du Nord North Korea
48%
Oman Oman
48%
Pologne Poland
48%
Qatar Qatar
48%
Corée du Sud Republic of Korea/South Korea
48%
Soudan du Sud South Sudan
48%
Soudan Sudan
48%
Ouganda Uganda
48%
Australie Australia
43%
Bruneï Brunei
43%
Cambodge Cambodia
43%
Cameroun Cameroon
43%
République Tchèque Czech Republic
43%
Grenade Grenada
43%
Israël Israel
43%
Népal Nepal
43%
Pakistan Pakistan
43%
Slovaquie Slovakia
43%
Sri Lanka Sri Lanka
43%
Syrie Syria
43%
Taïwan Taiwan
43%
Thaïlande Thailand
43%
Vietnam Vietnam
43%
Azerbaïdjan Azerbaijan
39%
Bhoutan Bhutan
39%
Brésil Brazil
39%
République dominicaine Dominican Republic
39%
Equateur Ecuador
39%
Irak Iraq
39%
Jordanie Jordan
39%
Kiribati Kiribati
39%
Liban Lebanon
39%
Maldives Maldives
39%
Ile Maurice Mauritius
39%
Micronésie Micronesia
39%
Mongolie Mongolia
39%
Nauru Nauru
39%
Samoa Samoa
39%
Suisse Switzerland
39%
Tonga Tonga
39%
Tuvalu Tuvalu
39%
Vanuatu Vanuatu
39%
Yemen Yemen
39%
Kazakhstan Kazakhstan
35%
Lituanie Lithuania
35%
Malaisie Malaysia
35%
Moldavie Moldova
35%
Nouvelle Zélande New Zealand
35%
Philippines Philippines
35%
Sao Tomé-et-Principe Sao Tome and Principe
35%
Turquie Turkey
35%
Barbades Barbados
30%
Cap Vert Cape Verde
30%
Comores Comoros
30%
Iles Marshall Marshall Islands
30%
Saint-Marin San Marino
30%
Arabie Saoudite Saudi Arabia
30%
Singapour Singapore
30%
Eswatini Swaziland
30%
Tadjikistan Tajikistan
30%
Turkmenistan Turkmenistan
30%
Ouzbekistan Uzbekistan
30%
Bahreïn Bahrain
26%
Salvador El Salvador
26%
Erythree Eritrea
26%
Fidji Fiji
26%
Koweit Kuwait
26%
République centrafricaine Central African Republic
22%
Timor oriental East Timor
22%
Birmanie Myanmar
22%
Trinité etTobago Trinidad and Tobago
22%
Emirats Arabes Unis United Arab Emirates
22%
Palaos Palau
17%
Iles Salomon Solomon Islands
17%
Vatican Vatican City
17%
Bosnie-Herzégovine Bosnia and Herzegovina
13%
Papouasie Nouvelle Guinée Papua New Guinea
13%
Sainte Lucie Saint Lucia
13%
Saint Vincent et les Grenadines Saint Vincent and the Grenadines
13%
Saint-Christophe et Niévès Saint Kitts and Nevis
9%
République démocratique du Congo Democratic Republic of the Congo
4%
Kirghizistan Kyrgyzstan
4%
Aucun quiz correspondant
Distribution des résultats
% des personnes avec chaque résultat
Percentile par nombre de réponses
Votre historique - résultats
Vous n’avez pas pris ce quiz depuis la dernière actualisation